| 000 | 00535nam a22001937a 4500 | ||
|---|---|---|---|
| 003 | Ost | ||
| 005 | 20250722100516.0 | ||
| 008 | 250722b |||||||| |||| 00| 0 eng d | ||
| 020 | _a9781466559530 | ||
| 040 | _cBT-PhCST | ||
| 050 | _a25482 | ||
| 082 |
_222 _a005.1068 _bVIL |
||
| 100 | _aVillafiorita, Adolfo. | ||
| 245 | _aIntroduction to software project management / | ||
| 260 |
_aThe USA : _bCRC Press, Taylor & Francis Group, _cc2014. |
||
| 300 |
_axix, 276 p.: _bill. ; _c24 cm. |
||
| 500 | _aIncludes index. | ||
| 942 |
_2ddc _cSE |
||
| 999 |
_c10075 _d10075 |
||